| 000 | 01018cam a2200265 a 4500 | ||
|---|---|---|---|
| 001 | 11794353 | ||
| 003 | OSt | ||
| 005 | 20160428151619.0 | ||
| 008 | 990923s2000 nyu 000 1 eng | ||
| 010 | _a 99049237 | ||
| 020 | _a0375400206 | ||
| 040 | _aSEKU | ||
| 050 | 0 | 0 |
_aPS 3566.O96 _bP66 |
| 082 | 0 | 0 |
_a813/.54 _221 |
| 100 | 1 |
_aPowers, Thomas, _d1940 December 12- |
|
| 245 | 1 | 4 |
_aThe confirmation / _cThomas Powers. |
| 260 |
_aNew York : _bAlfred A. Knopf , _c2000. |
||
| 300 | _a413 p. | ||
| 650 | _aFiction | ||
| 856 | 4 | 2 |
_3Contributor biographical information _uhttp://www.loc.gov/catdir/bios/random059/99049237.html |
| 856 | 4 | 1 |
_3Sample text _uhttp://www.loc.gov/catdir/samples/random041/99049237.html |
| 856 | 4 | 2 |
_3Publisher description _uhttp://www.loc.gov/catdir/description/random041/99049237.html |
| 942 |
_2lcc _cGEN |
||
| 999 |
_c13119 _d13119 |
||